| 000 | 01011nam a22002777a 4500 | ||
|---|---|---|---|
| 999 |
_c6762 _d6762 |
||
| 003 | AR-CdUCM | ||
| 008 | 190319b ||||| |||| 00| 0 spa d | ||
| 020 | _a84-205-0357-6 | ||
| 020 | _a0-675-08773-2 | ||
| 040 |
_aMUNICIPALIDAD PROVINCIAL DEL CUSCO _cBIBLIOTECA MUNICIPAL DEL CUSCO |
||
| 082 |
_a575.1 / _bW62 |
||
| 100 |
_aWinchester, A. M. _919037 |
||
| 245 | _aIntroducción a la Genética Humana / | ||
| 260 |
_aMadrid : _bAlhambra, _c1980. |
||
| 300 |
_a215 paginas ; _bIlustraciones, graficos, tablas, dibujos, _c20cm. |
||
| 440 |
_aExedra - ciencia tecnica ingenieria _n120 _919038 |
||
| 505 | _aContenido: fundamento fisico de la herencia -- puente de la vida -- nueva vida -- expresividad genetica -- determinacion del sexo... | ||
| 650 |
_aBiologia _9881 |
||
| 650 |
_aFundamentos fisicos _919039 |
||
| 650 |
_aGenetica _95063 |
||
| 650 |
_aLibros del saber _919040 |
||
| 700 |
_aFernandez Frias, Carlos _919041 |
||
| 700 |
_aPalafox, Silverio _919042 |
||
| 942 |
_2ddc _cLIBROS |
||
| 945 | _apjha | ||